000 01028cam a22002411 4500
001 e 33001446
003 DLC
005 20260227111224.0
008 790803s1933 dcuaf 000 0 eng c
010 _ae 33001446
035 _a(OCoLC)5238326
040 _aU.S. Office of Education
_cNGenoU
_dDLC
050 0 0 _aL111
_b.A6 1933, no. 7
051 _aLC4661
_b.M3
082 _a371.92
100 1 _aMartens, Elise H.
_q(Elise Henrietta),
_d1887-
_ecomp.
245 1 0 _aGroup activities for mentally retarded children;
_ba symposium,
_ccompiled by Elise H. Martens, senior specialist in the education of exceptional children, Office of Education.
260 _aWashington,
_bU.S. Govt. Print. Off.,
_c1933.
300 _av, 146 p.
_bfront., illus. 14 pl. on 7 l.
_c23 cm.
500 _aAt head of title: United States Department of the Interior. Harold L. Ickes, secretary. Office of Education, William John Cooper, commissioner.
504 _aIncludes bibliographies.
650 0 _aChildren with mental disabilities
_xEducation.
999 _c21372
_d21372